Giáo trình điện tử công nghiệp - (đĩa) /

Wedi'i Gadw mewn:
Manylion Llyfryddiaeth
Prif Awdur: Trường Kỹ thuật Cao thắng
Fformat: Llyfr
Iaith:Vietnamese
Cyhoeddwyd: Hồ Chí Minh : Trường Cao đẳng kỹ thuật Cao Thắng , 2007
Pynciau:
Tagiau: Ychwanegu Tag
Dim Tagiau, Byddwch y cyntaf i dagio'r cofnod hwn!
Thư viện lưu trữ: Thư viện Trường CĐ Kỹ Thuật Cao Thắng
LEADER 00880nam a2200229 a 4500
001 TVCDKTCT8077
003 Thư viện trường Cao đẳng Kỹ thuật Cao Thắng
005 20200917082332.000
008 070808
980 \ \ |a Thư viện Trường CĐ Kỹ Thuật Cao Thắng 
024 |a RG_1 #1 eb0 i7 
041 0 # |a vie 
082 # # |a 621.381 /   |b C100O-đ 
100 1 # |a Trường Kỹ thuật Cao thắng 
245 0 0 |a Giáo trình điện tử công nghiệp - (đĩa) /   |c Trường Kỹ thuật Cao thắng 
260 # # |a Hồ Chí Minh :   |b Trường Cao đẳng kỹ thuật Cao Thắng ,   |c 2007 
650 # 4 |a Điện tử công nghiệp 
650 # 4 |a Kỹ thuật điện tử 
721 # # |a CNKT Cơ điện tử 
721 # # |a CNKT Điện tử 
721 # # |a CNKT Điện 
841 # # |b Kho 7   |j 700000056